00558nam a22001817a 450000500170000001000150001702000260003203500140005803700090007208200110008124501080009226000260020027000420022630000200026870000270028870000330031570000280034820240508120745.0 aENG-140217 c995.00a9789380574301 aEN-123749 bDBAD a307.72 aRural Development in Post-Colonial Era/cEdited by Harnam Singh, Amit Kumar Dwivedi [and] K. Nagraj Rao aDelhibBookwellc2012 bDelhia3/79, Nirankari Colonye110009 a364p.c23cm(hb) aEdited by Harnam Singh aEdited by Amit Kumar Dwivedi aEdited by K. Nagraj Rao